[Event "Villa Ballester op"]
[Site "Villa Ballester"]
[Date "1993.??.??"]
[Round "7"]
[White "Minzer, Claudio Javier"]
[Black "Perez, Raul"]
[Result "1-0"]
[WhiteElo "2370"]
[BlackElo "2245"]

1.c4 Nf6 2.Nf3 e6 3.d4 d5 4.Nc3 c6 5.e3 Bd6 6.Qc2 Nbd7 7.Be2 O-O 8.O-O b6
9.e4 dxe4 10.Nxe4 Nxe4 11.Qxe4 Bb7 12.Rd1 Re8 13.Bd3 f5 14.Qe2 Qc7 15.Ng5 Nf8
16.Qh5 g6 17.Qh4 c5 18.d5 exd5 19.cxd5 Bxd5 20.Bb5 Bc6 21.Bc4+ Kg7 22.Nf7 Be7
23.Qh6+  1-0

[Event "Villalba op"]
[Site "Villalba"]
[Date "1993.??.??"]
[Round "5"]
[White "Kolev, Atanas"]
[Black "Antunes, Antonio"]
[Result "1/2-1/2"]
[WhiteElo "2510"]
[BlackElo "2435"]

1.d4 d5 2.c4 e6 3.Nf3 Nf6 4.Nc3 c6 5.e3 Nbd7 6.Bd3 dxc4 7.Bxc4 b5 8.Bd3 b4
9.Ne4 Bb7 10.O-O Be7 11.Nxf6+ Nxf6 12.e4 O-O 13.e5 Nd7 14.Be4 Rb8 15.Qc2 h6
16.Be3 c5 17.Rfd1 Qc7 18.Rac1 Rbc8 19.b3  1/2-1/2

[Event "Vinkovci"]
[Site "Vinkovci"]
[Date "1993.??.??"]
[Round "3"]
[White "Hulak, Krunoslav"]
[Black "Palac, Mladen"]
[Result "1-0"]
[WhiteElo "2535"]
[BlackElo "2485"]

1.d4 d5 2.Nf3 Nf6 3.c4 c6 4.Nc3 e6 5.e3 Nbd7 6.Qc2 Bd6 7.Bd2 O-O 8.Rc1 Qe7
9.cxd5 exd5 10.Bd3 Re8 11.O-O Ne4 12.Be1 Ndf6 13.Kh1 Bf5 14.Nd1 Bd7 15.a3 a5
16.Ng1 Ng5 17.f3 Ne6 18.Bh4 h6 19.f4 c5 20.Nc3 Bc6 21.Nf3 cxd4 22.Nxd4 Nxd4
23.exd4 Bc7 24.Rce1 Qd6 25.Re5 Bb6 26.Bf2 Ng4 27.Bg1 Nxe5 28.fxe5 Qe6 29.Bh7+ Kh8
30.Bf5 Qe7 31.Qb3 Qc7 32.Bb1 Re6 33.Nxd5 Bxd5 34.Qxd5 Qc6 35.Qb3 Rd8 36.Rxf7 Rxe5
37.dxe5 Bxg1 38.Qg3 g5 39.Rh7+ Kg8 40.Qb3+ Qd5 41.Qxd5+ Rxd5 42.Kxg1 Rd1+
43.Kf2 Rxb1 44.Rxb7 Rc1 45.a4 Kf8 46.h3 Rc5 47.Rb5 Rc2+ 48.Kf3 Ke7 49.g3 Ke6
50.Kg4 Rc4+ 51.Kh5 Rxa4 52.Kxh6 g4 53.h4 Kf5 54.Kh5  1-0

[Event "Vinkovci"]
[Site "Vinkovci"]
[Date "1993.??.??"]
[Round "6"]
[White "Farago, Ivan"]
[Black "Palac, Mladen"]
[Result "1-0"]
[WhiteElo "2540"]
[BlackElo "2485"]

1.d4 d5 2.c4 c6 3.Nc3 Nf6 4.e3 e6 5.Nf3 Nbd7 6.Qc2 Bd6 7.Be2 O-O 8.O-O dxc4
9.Bxc4 Qe7 10.h3 e5 11.Bd2 Bc7 12.Bb3 h6 13.Nh4 Rd8 14.Nf5 Qf8 15.Nb5 Bb8
16.Ba5 b6 17.Qxc6 bxa5 18.Qxa8 a4 19.Bc4 exd4 20.Nbxd4 g6 21.Ng3 h5 22.Nc6 h4
23.Nxd8 Qxd8 24.Rfd1 hxg3 25.Qxb8 gxf2+ 26.Kf1 Nh5 27.Qd6 Qh4 28.Qxg6+ Kh8
29.Qg4 Ng3+ 30.Kxf2 Ne4+ 31.Kg1 Qf2+ 32.Kh2 Qxe3  1-0

[Event "Vinkovci"]
[Site "Vinkovci"]
[Date "1993.??.??"]
[Round "11"]
[White "Cvitan, Ognjen"]
[Black "Muse, Mladen"]
[Result "1/2-1/2"]
[WhiteElo "2550"]
[BlackElo "2485"]

1.Nf3 d5 2.c4 c6 3.e3 Nf6 4.Nc3 e6 5.d4 Nbd7 6.Bd3 dxc4 7.Bxc4 b5 8.Be2 a6
9.e4 c5 10.e5 Ng4  1/2-1/2

[Event "Voskresensk"]
[Site "Voskresensk"]
[Date "1993.??.??"]
[Round "?"]
[White "Tunik, Gennady"]
[Black "Nalbandian, Tigran"]
[Result "0-1"]
[WhiteElo "2490"]
[BlackElo "2485"]

1.d4 d5 2.c4 c6 3.Nc3 Nf6 4.Nf3 e6 5.e3 Nbd7 6.Bd3 dxc4 7.Bxc4 b5 8.Be2 a6
9.e4 b4 10.e5 bxc3 11.exf6 Nxf6 12.bxc3 Bd6 13.O-O O-O 14.Bg5 Qc7 15.Bxf6 gxf6
16.h3 Bb7 17.Nd2 c5 18.Bf3 cxd4 19.cxd4 Rac8 20.Rb1 Bc6 21.Re1 Rfd8 22.Qe2 Bb5
23.Qe4 f5 24.Qh4 Be7 25.Qh6 Rxd4 26.Nf1 Qd8 27.Be2 Rc5 28.Bxb5 axb5 29.Nh2 f4
30.Ng4 Rf5 31.Rxe6 Bg5 32.Ree1 Bxh6 33.Nxh6+ Kf8 34.Nxf5 Rd5 35.Ne7 Rg5 36.Rbc1 Qd2
37.a3 f3 38.g4 h5 39.Red1 Qf4 40.Nd5 Rxd5 41.Rc8+ Kg7 42.Rxd5 hxg4 43.Rdd8 Kf6
44.Rd1 Qg5  0-1

[Event "Voskresensk"]
[Site "Voskresensk"]
[Date "1993.??.??"]
[Round "?"]
[White "Gleizerov, Evgeny"]
[Black "Nalbandian, Tigran"]
[Result "1-0"]
[WhiteElo "2525"]
[BlackElo "2485"]

1.d4 d5 2.c4 c6 3.Nf3 Nf6 4.Nc3 e6 5.e3 Nbd7 6.Bd3 dxc4 7.Bxc4 b5 8.Be2 a6
9.e4 b4 10.e5 bxc3 11.exf6 Nxf6 12.bxc3 Bd6 13.O-O O-O 14.Bg5 Qc7 15.Bd3 c5
16.Re1 Bb7 17.Ne5 Bxe5 18.dxe5 Qc6 19.f3 Nd5 20.c4 Nb4 21.Bb1 h6 22.Be7 Rfe8
23.Bd6 Qb6 24.a3 Nc6 25.Be4 Na5 26.Rb1 Qa7 27.Bc2 Nc6 28.Qd3 g6 29.Ba4 Kg7
30.Qe3 Nd4 31.Bxe8 Rxe8 32.Red1 Rd8 33.Bc7 Nf5 34.Rxd8 Nxe3 35.Bb6 Be4 36.Bxa7 Bxb1
37.Bxc5 Nxc4 38.Bf8+ Kh7 39.Be7 g5 40.Bf6 Nxa3 41.g4 Nb5 42.Rh8+ Kg6 43.Rg8+ Kh7
44.Rg7+ Kh8 45.Rxg5+ Kh7 46.Rg7+ Kh8 47.h4  1-0

[Event "Warsaw op"]
[Site "Warsaw"]
[Date "1993.??.??"]
[Round "6"]
[White "Sibriaev, Aleksandr"]
[Black "Bashkov, Viacheslav"]
[Result "0-1"]
[WhiteElo "2335"]
[BlackElo "2450"]

1.Nf3 d5 2.d4 e6 3.c4 Nf6 4.Nc3 c6 5.e3 Nbd7 6.Bd3 dxc4 7.Bxc4 b5 8.Bd3 a6
9.e4 c5 10.d5 c4 11.Bc2 Qc7 12.dxe6 fxe6 13.Nd4 Nc5 14.O-O Bb7 15.Qe2 O-O-O
16.Ndxb5 axb5 17.Nxb5 Qa5 18.Qxc4 Ba6 19.a4 Bxb5 20.axb5 Qxa1 21.Be3 Qxb2
22.Bxc5 Bxc5 23.Qxc5+ Kd7 24.e5 Nd5 25.Qa7+ Ke8 26.Qxg7 Rf8 27.Bxh7 Ne7 28.h3 Rf7
29.Qh8+ Rf8 30.Qg7 Qe2 31.b6 Rf7 32.Qh6 Qxe5 33.Bc2 Rb8 34.Rd1 Rg7 35.Rb1 Qg5
36.Qxg5 Rxg5 37.Be4 Rc5 38.g4 Nd5 39.b7 Rc7 40.Rb6 Nxb6  0-1

[Event "Wattens op"]
[Site "Wattens"]
[Date "1993.??.??"]
[Round "?"]
[White "Foisor, Cristina Adela B"]
[Black "Kuporosov, Viktor"]
[Result "1/2-1/2"]
[WhiteElo "2360"]
[BlackElo "2500"]

1.c4 c6 2.Nf3 Nf6 3.Nc3 d5 4.e3 e6 5.d4 Nbd7 6.Qc2 Bd6 7.Be2 O-O 8.O-O dxc4
9.Bxc4 b5 10.Be2 Bb7 11.Rd1 Qc7 12.b3 a6 13.Bb2 c5 14.h3 Rac8 15.dxc5 Nxc5
16.Rac1 Qe7 17.Qb1 b4 18.Na4 Nxa4 19.Rxc8 Rxc8 20.Bxf6 Qxf6 21.bxa4 Be7 22.Rc1 Rxc1+
23.Qxc1 Qc3 24.Qxc3 bxc3 25.Ne1 Kf8 26.Kf1 Ke8 27.Bc4 Kd7 28.Ke2 Kd6 29.Kd3 Bf6
30.f3 Kc5 31.Nc2 Bc6 32.Bxa6 Bxa4 33.a3 Kb6 34.Bc4 Kc5 35.Ba6 Kb6 36.Bc4 Kc5
37.Ba6  1/2-1/2

[Event "Wattens op"]
[Site "Wattens"]
[Date "1993.??.??"]
[Round "?"]
[White "Foisor, Ovidiu"]
[Black "Mednis, Edmar John"]
[Result "1/2-1/2"]
[WhiteElo "2425"]
[BlackElo "2440"]

1.c4 Nf6 2.Nf3 c6 3.Nc3 d5 4.e3 e6 5.d4 Nbd7 6.Qc2 Bd6 7.Be2 O-O 8.O-O Re8
9.b3 b6 10.e4 Nxe4 11.Nxe4 dxe4 12.Qxe4 Bb7 13.Bb2 Nf6 14.Qh4 c5 15.dxc5 Bxc5
16.Rad1 Qe7 17.Qg3 Rad8 18.h3 h6 19.Nh2 Rxd1 20.Bxd1 Rd8 21.Bf3 Bd6 22.Be5 Bxe5
23.Qxe5 Bxf3 24.Nxf3 Qd6 25.Re1 Qxe5 26.Rxe5 Rd1+ 27.Re1 Rxe1+ 28.Nxe1 Ne4
29.Nd3 Kf8 30.f3 Nc3 31.Nc1 b5 32.cxb5 Nxb5 33.Kf2 Ke7 34.Ke3 Kd6 35.a4 Nc7
36.Kd4 e5+ 37.Kc4 f5 38.Ne2 Nd5 39.Kb5 Nc7+ 40.Kc4 Nd5 41.Kb5 Nc7+ 42.Kc4  1/2-1/2

[Event "Wattens op"]
[Site "Wattens"]
[Date "1993.??.??"]
[Round "?"]
[White "Foisor, Ovidiu"]
[Black "Kuporosov, Viktor"]
[Result "1/2-1/2"]
[WhiteElo "2425"]
[BlackElo "2500"]

1.c4 c6 2.Nf3 Nf6 3.Nc3 d5 4.e3 e6 5.d4 Nbd7 6.Qc2 Bd6 7.Be2 O-O 8.O-O dxc4
9.Bxc4 b5 10.Be2 Bb7 11.Rd1 Qb8 12.Ne4 Nxe4 13.Qxe4 c5 14.Qh4 Nf6 15.dxc5 Bxc5
16.b3 Be7 17.Bb2 a6 18.Ne5 Qe8 19.Qd4 Rd8 20.Qb6 Rb8 21.Qa7 Nd5 22.e4 Nf4
23.Bf1 Bf6 24.Qe3  1/2-1/2

[Event "Werfen"]
[Site "Werfen"]
[Date "1993.??.??"]
[Round "8"]
[White "Hager, Franz"]
[Black "Basagic, Zlatko"]
[Result "0-1"]
[WhiteElo "2275"]
[BlackElo "2415"]

1.d4 Nf6 2.c4 c6 3.Nc3 d5 4.Nf3 e6 5.e3 Nbd7 6.Qc2 Bd6 7.Be2 O-O 8.O-O dxc4
9.Bxc4 e5 10.a3 Qe7 11.Re1 e4 12.Nd2 Nb6 13.Ba2 Bf5 14.b4 Bg6 15.Bb2 a5 16.b5 Qc7
17.bxc6 Bxh2+ 18.Kh1 Ng4 19.Nf1 Bd6 20.Nb5 Qe7 21.Nxd6 Qxd6 22.cxb7 Rab8
23.Kg1 Rxb7 24.Rec1 Na4 25.Rab1 Nxb2 26.Rxb2 Rxb2 27.Qxb2 Rb8 28.Qc3 h5 29.Rb1 Rxb1
30.Bxb1 Qb6 31.Ba2 Kh7 32.Ng3 Qf6 33.Qe1 h4 34.Nf1 Qg5 35.Bc4 Nf6 36.Be2 Qd5
37.f4 exf3 38.Qxh4+ Kg8 39.Bxf3 Qb3 40.e4 Qxa3 41.e5 Nd7 42.Bc6 Nf8 43.Qe1 a4
44.Qd1 Bd3 45.Bxa4 Qc3 46.Nh2 Qxd4+ 47.Kh1 Qe3 48.Nf3 Ng6 49.Bc2 Be2  0-1

[Event "Werfen op"]
[Site "Werfen"]
[Date "1993.??.??"]
[Round "8"]
[White "Burmakin, Vladimir"]
[Black "Dgebuadze, Alexandre"]
[Result "1-0"]
[WhiteElo "2460"]
[BlackElo "2400"]

1.d4 d5 2.c4 e6 3.Nf3 Nf6 4.Nc3 c6 5.e3 Nbd7 6.Qc2 Bd6 7.Be2 dxc4 8.Bxc4 O-O
9.O-O b5 10.Be2 Bb7 11.e4 e5 12.Be3 Ng4 13.Bg5 f6 14.Bh4 Qc7 15.Bg3 Rae8
16.Rfd1 exd4 17.Nxd4 Bxg3 18.hxg3 Nde5 19.Ncxb5 Qb8 20.Nc3 f5 21.exf5 c5
22.Ndb5 Rd8 23.Bxg4 Nxg4 24.Qe2 Ne5 25.f4 Nc6 26.Qc4+ Kh8 27.Qxc5 Ba8 28.b3 h6
29.Nd6 Ne7 30.g4 Ng8 31.Qd4 Rd7 32.Qe5 Rfd8 33.Nc4 Qb7 34.Qe2 Re7 35.Qf2 Rde8
36.Nd6 Qc6 37.Nxe8 Rxe8 38.Rac1 Nf6 39.Nd5 Qb7 40.Nxf6 gxf6 41.Rd2  1-0

[Event "Wijk op"]
[Site "Wijk aan Zee"]
[Date "1993.??.??"]
[Round "6"]
[White "Hansen, Curt"]
[Black "Hansen, Lars Bo"]
[Result "0-1"]
[WhiteElo "2610"]
[BlackElo "2545"]

1.d4 d5 2.c4 c6 3.Nc3 Nf6 4.e3 e6 5.Nf3 Nbd7 6.Qc2 Bd6 7.Be2 O-O 8.O-O e5
9.cxd5 cxd5 10.Nb5 Bb8 11.dxe5 Nxe5 12.Bd2 Bg4 13.Nbd4 Qd6 14.Nxe5 Bxe2 15.Nxe2 Qxe5
16.g3 Ne4 17.Rad1 a6 18.Qb3 Qh5 19.Nc3 Nf6 20.Be1 Rd8 21.Qxb7 Ba7 22.Kg2 Bxe3
23.Bd2 Rab8 24.Qxa6 Bc5 25.h4 d4 26.Na4 Qd5+ 27.Kg1 Bd6 28.Qd3 Qxa2 29.Ra1 Qd5
30.Bg5 Rb3 31.Nc3 dxc3 32.Qxd5 Nxd5 33.Bxd8 cxb2 34.Rad1 Rb5 35.Bg5 Bb4 36.Kg2 h6
37.Be3 Nc3 38.Rde1 Ba3 39.Rb1 Nxb1 40.Rxb1 Rb3 41.Bd4 Rd3 42.Bxb2 Rb3 43.Bxa3 Rxb1
44.h5 Rb5 45.g4 f5 46.f3 Kf7 47.Bd6 Ke6 48.Bf8 Rb7 49.Kg3 Ke5 50.Bc5 fxg4
51.fxg4 Rb3+ 52.Kh4 Kf4 53.Bd4 Rb1 54.Kh3 Rh1+  0-1

[Event "Wijk op"]
[Site "Wijk aan Zee"]
[Date "1993.??.??"]
[Round "6"]
[White "Gelfand, Boris"]
[Black "Tukmakov, Vladimir B"]
[Result "1/2-1/2"]
[WhiteElo "2690"]
[BlackElo "2605"]

1.d4 d5 2.c4 c6 3.Nc3 Nf6 4.e3 e6 5.Nf3 Nbd7 6.Bd3 dxc4 7.Bxc4 b5 8.Bd3 Bb7
9.a3 a6 10.b4 a5 11.Rb1 axb4 12.axb4 Nd5 13.Nxd5 exd5 14.O-O Bd6 15.Qc2 h6
16.Nd2 O-O 17.e4 dxe4 18.Nxe4 Nf6 19.Rb3 Re8 20.h3 Nd5 21.Bd2 Qe7 22.Qb1 Bc8
23.Re1 Be6 24.Bc2 Bf4 25.Bxf4 Nxf4 26.Rf3 Nd5 27.Nc5 Qd6 28.Bb3 Re7 29.Qb2 Rae8
30.Qd2 Bc8 31.Rxe7 Rxe7 32.Bxd5 Qxd5 33.Qf4 Re1+ 34.Kh2 Rd1 35.Qb8 Qd8 36.Rf4 Re1
37.Re4 Rxe4 38.Nxe4 Qf8 39.Nc5 Bf5 40.Qe5 Qc8 41.g4 Bb1 42.d5 cxd5 43.Qxd5  1/2-1/2

[Event "Wijk op"]
[Site "Wijk aan Zee"]
[Date "1993.??.??"]
[Round "6"]
[White "Adams, Michael"]
[Black "Shirov, Alexei"]
[Result "1/2-1/2"]
[WhiteElo "2630"]
[BlackElo "2670"]

1.d4 d5 2.c4 c6 3.e3 Nf6 4.Nc3 e6 5.Nf3 Nbd7 6.Qc2 Bd6 7.Be2 O-O 8.O-O dxc4
9.Bxc4 b5 10.Be2 Re8 11.b3 e5 12.dxe5 Nxe5 13.Bb2 Qe7 14.Nb1 Nxf3+ 15.Bxf3 Ng4
16.g3 Ne5 17.Bg2 Bg4 18.f4 Nd7 19.e4 Nf6 20.Re1 Bc5+ 21.Kh1 Rad8 22.Nc3 Bf5
23.Re2 Bg4  1/2-1/2

[Event "Wijk op"]
[Site "Wijk aan Zee"]
[Date "1993.??.??"]
[Round "7"]
[White "Lobron, Eric"]
[Black "Gelfand, Boris"]
[Result "1/2-1/2"]
[WhiteElo "2620"]
[BlackElo "2690"]

1.d4 d5 2.c4 c6 3.Nc3 Nf6 4.e3 e6 5.Nf3 Nbd7 6.Bd3 dxc4 7.Bxc4 b5 8.Be2 Bb7
9.O-O Be7 10.e4 b4 11.e5 bxc3 12.exf6 Nxf6 13.bxc3 O-O 14.Rb1 Qc7 15.Bf4 Qxf4
16.Rxb7 Nd5 17.g3 Qd6 18.c4 Nc3 19.Qc2 Nxe2+ 20.Qxe2 Bf6 21.Ne5 Rad8 22.Re1 h6
23.h4 a5 24.a4 Bxe5 25.dxe5 Qa3 26.Qc2 Rd3 27.Reb1 Rfd8 28.Rb8 g6 29.Kg2 Kg7
30.Rxd8 Rxd8 31.Rb7 Qd3 32.Qxd3 Rxd3 33.Ra7 Rd4 34.Rxa5 Rxc4 35.f4 g5 36.hxg5 hxg5
37.Kf3 gxf4 38.gxf4 Kg6 39.Ra7  1/2-1/2

[Event "Wijk op"]
[Site "Wijk aan Zee"]
[Date "1993.??.??"]
[Round "12"]
[White "Akopian, Vladimir"]
[Black "Gurevich, Mikhail"]
[Result "1/2-1/2"]
[WhiteElo "2615"]
[BlackElo "2610"]

1.d4 d5 2.Nf3 Nf6 3.c4 c6 4.Nc3 e6 5.e3 Nbd7 6.Qc2 Bd6 7.Be2 O-O 8.O-O dxc4
9.Bxc4 Qe7 10.a3 e5 11.h3 Bb8 12.Ba2 h6 13.Nh4 Rd8 14.Nf5 Qe8 15.Ne4 Nxe4
16.Qxe4 Nf8 17.Bd2 exd4 18.Qxe8 Rxe8 19.Nxd4 Ne6 20.Nxe6 Bxe6  1/2-1/2

[Event "Zagreb zt"]
[Site "Zagreb"]
[Date "1993.??.??"]
[Round "3"]
[White "Cvitan, Ognjen"]
[Black "Rogic, Davor"]
[Result "1-0"]
[WhiteElo "2575"]
[BlackElo "2280"]

1.Nf3 d5 2.c4 c6 3.e3 Nf6 4.Nc3 e6 5.d4 Nbd7 6.Bd3 dxc4 7.Bxc4 b5 8.Bd3 a6
9.e4 c5 10.e5 cxd4 11.Nxb5 Ng4 12.Nbxd4 Bb4+ 13.Bd2 Bxd2+ 14.Qxd2 Bb7 15.O-O Ngxe5
16.Be2 O-O 17.Rad1 Qb6 18.Nxe5 Nxe5 19.Qe3 Ng6 20.Rd2 e5 21.Nf5 Qe6 22.Bg4 Qxa2
23.Nd6 Rab8 24.Be2 Qa5 25.Bc4 Nf4 26.Rfd1 Bxg2 27.Nxf7 Rxf7 28.Qa7  1-0

[Event "Zagreb zt"]
[Site "Zagreb"]
[Date "1993.??.??"]
[Round "7"]
[White "Alterman, Boris"]
[Black "Rogic, Davor"]
[Result "1-0"]
[WhiteElo "2600"]
[BlackElo "2280"]

1.d4 d5 2.c4 c6 3.Nc3 Nf6 4.e3 e6 5.Nf3 Nbd7 6.Bd3 dxc4 7.Bxc4 b5 8.Bd3 a6
9.e4 c5 10.e5 cxd4 11.Nxb5 Ng4 12.Qa4 Bb7 13.Nbxd4 Qb6 14.O-O Bc5 15.h3 Bxf3
16.hxg4 Bb7 17.Nf3 h5 18.Bd2 Bxf3 19.gxf3 hxg4 20.fxg4 Qxb2 21.Rad1 Ke7 22.Kg2 Nxe5
23.Bg5+ f6 24.Bf4 Rh4 25.Bxe5 Qxe5 26.Rh1 Rah8 27.Bh7 R4xh7 28.Rxh7 Rg8 29.Qd7+ Kf8
30.Qb7 Bd6 31.Rh5 Qf4 32.Qf3 Qb4 33.Rhh1 Kf7 34.Rb1 Qc5 35.Rhc1 Qe5 36.Rb7+ Kg6
37.Qd3+ f5 38.gxf5+ Kf6 39.fxe6 Qh2+ 40.Kf1 Qh1+ 41.Ke2 Qxc1 42.Rf7+  1-0

[Event "Zalaegerszeg"]
[Site "Zalaegerszeg"]
[Date "1993.??.??"]
[Round "5"]
[White "Singer, Richard"]
[Black "Feher, Gyula"]
[Result "0-1"]
[WhiteElo "2210"]
[BlackElo "2380"]

1.d4 d5 2.c4 e6 3.Nc3 c6 4.Nf3 Nf6 5.e3 Nbd7 6.Qc2 Bd6 7.b3 O-O 8.Be2 dxc4
9.bxc4 e5 10.O-O Re8 11.Rb1 Qe7 12.Rd1 exd4 13.exd4 Nf8 14.Re1 Bg4 15.c5 Bc7
16.Be3 Rad8 17.Red1 Ng6 18.g3 Ba5 19.h3 Bxh3 20.d5 cxd5 21.Nb5 Ne4 22.Bd3 a6
23.Bxe4 dxe4 24.Ng5 Rxd1+ 25.Qxd1 axb5 26.Nxh3 Ne5 27.Rxb5 Bd2 28.Kg2 Bxe3
29.fxe3 Nd3 30.Qa4 Rc8 31.Nf4 h6 32.Qd4 Nxf4+ 33.gxf4 Rd8 34.Qb2 Qe6 35.Qe2 Rd5
36.Kg3 Qd7 37.Rb4 Rd2 38.Qg4 Rg2+  0-1

[Event "Zalaegerszeg"]
[Site "Zalaegerszeg"]
[Date "1993.??.??"]
[Round "7"]
[White "Csiszar, Csaba"]
[Black "Feher, Gyula"]
[Result "1-0"]
[WhiteElo "2245"]
[BlackElo "2380"]

1.d4 d5 2.Nf3 Nf6 3.c4 e6 4.Nc3 c6 5.e3 Nbd7 6.Bd3 dxc4 7.Bxc4 b5 8.Be2 Bb7
9.O-O b4 10.Na4 Be7 11.b3 O-O 12.Qc2 c5 13.dxc5 Rc8 14.Rd1 Qa5 15.a3 Nxc5
16.axb4 Qxb4 17.Ba3 Be4 18.Qc1 Nxb3 19.Qxc8 Rxc8 20.Bxb4 Bxb4 21.Ra2 Bc2
22.Ba6 Rc7 23.Rd8+ Bf8 24.Ne5 Be4 25.f3 Rc1+ 26.Kf2 Bc6 27.Nb2 g6 28.Nbd3 Rc3
29.Rc8 Nd5 30.Ra3 Kg7 31.Rxb3  1-0

[Event "Zalakaros op"]
[Site "Zalakaros"]
[Date "1993.??.??"]
[Round "4"]
[White "Varga, Zoltan"]
[Black "Horvath, Jozsef M"]
[Result "1-0"]
[WhiteElo "2450"]
[BlackElo "2205"]

1.d4 d5 2.c4 c6 3.Nf3 Nf6 4.Nc3 e6 5.e3 Bd6 6.Ne5 Nbd7 7.f4 dxc4 8.Bxc4 Nd5
9.O-O a6 10.e4 Nxc3 11.bxc3 c5 12.Nxf7 Kxf7 13.f5 Bxh2+ 14.Kxh2 Qh4+ 15.Kg1 Nf6
16.fxe6+ Ke7 17.Rf4 Qg3 18.e5 Qxc3 19.exf6+ gxf6 20.d5 Rd8 21.Bd2 Qe5 22.Qc1 Rf8
23.Bc3 Qg5 24.Qe3 Kd6 25.e7 Rg8 26.Rxf6+  1-0

[Event "Zalakaros op"]
[Site "Zalakaros"]
[Date "1993.??.??"]
[Round "6"]
[White "Seres, Lajos"]
[Black "Burmakin, Vladimir"]
[Result "0-1"]
[WhiteElo "2280"]
[BlackElo "2470"]

1.d4 d5 2.c4 e6 3.Nf3 c6 4.e3 Nf6 5.Nc3 Nbd7 6.Bd3 Be7 7.O-O O-O 8.e4 dxc4
9.Bxc4 b5 10.Bd3 b4 11.Na4 Bb7 12.Qc2 h6 13.Qe2 Qa5 14.b3 e5 15.Nxe5 Nxe5
16.dxe5 Qxe5 17.Bb2 Qh5 18.f3 Rfe8 19.Rac1 Bd6 20.g3 c5 21.Ba6 Bc8 22.Qd3 Bxa6
23.Qxa6 Red8 24.Rf2 Rd7 25.Qc6 Rad8 26.Kg2 Nh7 27.f4 Bxf4 28.Rxc5 Ng5 29.Rxg5 Bxg5
30.Qc5 Rd2  0-1

[Event "Zaragoza op"]
[Site "Zaragoza"]
[Date "1993.??.??"]
[Round "?"]
[White "Vyzmanavin, Alexey"]
[Black "Voiska, Margarita"]
[Result "1-0"]
[WhiteElo "2605"]
[BlackElo "2345"]

1.d4 d5 2.c4 c6 3.e3 e6 4.Nc3 Nf6 5.Nf3 Nbd7 6.Bd3 Be7 7.O-O O-O 8.b3 b6
9.Bb2 Bb7 10.Qe2 Qc7 11.Rac1 Rad8 12.Rfd1 Qb8 13.h3 h6 14.Bb1 c5 15.cxd5 exd5
16.Qc2 Qa8 17.Nh4 cxd4 18.Nf5 Bb4 19.Rxd4 Bc5 20.Nxh6+ gxh6 21.Rg4+ Kh8 22.Nxd5  1-0

[Event "Zaragoza op"]
[Site "Zaragoza"]
[Date "1993.??.??"]
[Round "?"]
[White "Garcia Palermo, Carlos"]
[Black "Eslon, Jaan"]
[Result "1/2-1/2"]
[WhiteElo "2455"]
[BlackElo "2440"]

1.d4 Nf6 2.c4 e6 3.Nf3 d5 4.Nc3 c6 5.e3 Nbd7 6.Be2 Bd6 7.b3 O-O 8.O-O Ne4
9.Nxe4 dxe4 10.Nd2 f5 11.f4 exf3 12.Nxf3 e5 13.c5 Bc7 14.dxe5 Nxe5 15.Bb2 Nxf3+
16.Rxf3 Qxd1+ 17.Rxd1  1/2-1/2

[Event "Zaragoza"]
[Site "Zaragoza"]
[Date "1993.??.??"]
[Round "2"]
[White "Barros, A."]
[Black "Gil Capape, Javier"]
[Result "0-1"]
[WhiteElo "2200"]
[BlackElo "2425"]

1.d4 d5 2.c4 e6 3.Nc3 Nf6 4.Nf3 c6 5.e3 Nbd7 6.Bd3 dxc4 7.Bxc4 b5 8.Bd3 Bb7
9.e4 b4 10.e5 bxc3 11.exf6 cxb2 12.fxg7 bxa1=Q 13.gxh8=Q Qa5+ 14.Bd2 Qxd1+
15.Kxd1 Qxa2 16.Ke2 Ba6 17.Qxh7 Nf6 18.Qh4 Bxd3+ 19.Kxd3 Qa6+  0-1

[Event "Zaragoza"]
[Site "Zaragoza"]
[Date "1993.??.??"]
[Round "8"]
[White "Tejero Lamana, Santiago"]
[Black "Aguirre, Pedro J"]
[Result "0-1"]
[WhiteElo "2200"]
[BlackElo "2230"]

1.d4 Nf6 2.c4 e6 3.Nf3 d5 4.Nc3 c6 5.e3 Nbd7 6.Qc2 Bd6 7.Be2 O-O 8.O-O Qe7
9.Bd2 h6 10.Rfe1 Re8 11.e4 dxe4 12.Nxe4 Nxe4 13.Qxe4 Nf6 14.Qc2 b6 15.Ne5 Bb7
16.Bf3 c5 17.dxc5 Bxc5 18.Rad1 Bxf3 19.gxf3 Rac8 20.a3 a5 21.Bc3 Red8 22.Rxd8+ Qxd8
23.Qe2 Qc7 24.Kh1 Rd8 25.Rg1 Bd4 26.Bxd4 Rxd4 27.Qe3 Rh4 28.Rd1 Rh5 29.Re1 Rf5
30.b4 axb4 31.axb4 Nh5 32.c5 Nf4 33.cxb6 Qb7 34.Rd1 Rxe5 35.Qxf4 Rf5 36.Qe4 Qxb6
37.Rd4 Qa6 38.Rd1 Qa2 39.Qe3 Qc4 40.Rb1 Qh4 41.Rg1 Rh5 42.Rg2 Qxb4 43.Rg4 Qd6
44.Rg3 Qe5 45.Qd3 Rf5 46.Qd8+ Kh7 47.Kg2 h5 48.Qd3 Qf6 49.h3 g6 50.Qe3 Rf4
51.Qa3 e5 52.Qe3 Kg7 53.Qc3 Qf5 54.Qe3 Kh7 55.Qe2 Rd4 56.Qb5 Rd3 57.Qc4 Kg7
58.Qc6 Qf4 59.Qb7 Qd4 60.Qb5 Rd2 61.Qf1 Rd1 62.Qa6 Rd2 63.Qf1 f5 64.h4 Qxh4
65.Qa6 Qf6 66.Qa7+ Qf7 67.Qe3 Rd5  0-1

[Event "Zuerich op"]
[Site "Zuerich"]
[Date "1993.??.??"]
[Round "?"]
[White "Milov, Vadim"]
[Black "Trabert, Bettina"]
[Result "1-0"]
[WhiteElo "2500"]
[BlackElo "2200"]

1.c4 c6 2.d4 d5 3.Nc3 e6 4.e3 Nf6 5.Nf3 Nbd7 6.Bd3 dxc4 7.Bxc4 b5 8.Bd3 b4
9.Ne4 Nxe4 10.Bxe4 Bb7 11.O-O Be7 12.Qc2 Rc8 13.a3 a5 14.axb4 axb4 15.Nd2 Nf6
16.Bf3 O-O 17.Nb3 Nd7 18.Bd2 Qb6 19.Na5 Ba8 20.Qa4 Rfe8 21.Rfc1 c5 22.Bxa8 Rxa8
23.Qc6 Ra6 24.Qxb6 Rxb6 25.Kf1 Kf8 26.Ke2 cxd4 27.exd4 Nf6 28.Nc6 Rc8 29.Ne5 Rbb8
30.Rc6 Ra8 31.Ra7 Nd5 32.Kd3 f6 33.Rxc8+ Rxc8 34.Nd7+ Kf7 35.Nc5 Rc6 36.Kc4 Rb6
37.Rb7 Rc6 38.Bxb4 Nxb4 39.Kxb4 e5 40.d5 Rd6 41.Kc4 f5 42.b4 Rg6 43.f3 Ke8
44.g3 Rh6 45.Ne6  1-0

[Event "Zuerich op"]
[Site "Zuerich"]
[Date "1993.??.??"]
[Round "?"]
[White "Sutter, Oliver"]
[Black "Milov, Vadim"]
[Result "0-1"]
[WhiteElo "2265"]
[BlackElo "2500"]

1.d4 Nf6 2.c4 e6 3.Nf3 d5 4.Nc3 c6 5.e3 Nbd7 6.Bd3 dxc4 7.Bxc4 b5 8.Be2 Bb7
9.O-O a6 10.e4 c5 11.e5 Nd5 12.a4 b4 13.Ne4 h6 14.Nfd2 Be7 15.Nc4 O-O 16.Ncd6 Bc6
17.Nxc5 Bxd6 18.exd6 a5 19.Qd3 Qh4 20.Nxd7 Bxd7 21.Bf3 Bc6 22.Bxd5 Bxd5 23.Qg3 Qxg3
24.hxg3 Ra6 25.Be3 Rxd6 26.Rfc1 Ra8 27.Rc5 Bb3 28.Kf1 Rd5 29.f3 Kf8 30.Rxd5 Bxd5
31.Bf4 Bb3 32.Bd6+ Ke8 33.Ke2 Kd7 34.Bc5 Kc6 35.Rc1 Kb7 36.Bd6 Rc8 37.Rxc8 Kxc8
38.Bf8 g6 39.Bxh6 Bxa4 40.g4 Kd7 41.Kd3 Kc6 42.Ke4 Bb5 43.Bf8 Bf1 44.g3 Kb5
45.d5 exd5+ 46.Kxd5 Ka4 47.f4 Kb3 48.Bg7 a4 49.Kd6 Be2 50.g5 Bg4  0-1

[Event "Zuerich op"]
[Site "Zuerich"]
[Date "1993.??.??"]
[Round "?"]
[White "Nemet, Ivan"]
[Black "Pelletier, Yannick"]
[Result "1-0"]
[WhiteElo "2410"]
[BlackElo "2285"]

1.d4 d5 2.c4 e6 3.Nf3 Nf6 4.Nc3 c6 5.e3 Nbd7 6.Qc2 Bd6 7.Be2 O-O 8.O-O dxc4
9.Bxc4 Qe7 10.Ne2 c5 11.e4 cxd4 12.Nexd4 a6 13.Bg5 h6 14.Bh4 Qd8 15.Rfd1 Qc7
16.Rac1 Ne5 17.Qe2 Qb8 18.Bxf6 gxf6 19.Nxe5 Bxe5 20.Qh5 Bf4 21.Rc3 Qe5 22.Qf3 Qg5
23.h4  1-0

[Event "BRA-ch"]
[Site "Brasilia"]
[Date "1994.01.??"]
[Round "1"]
[White "Leitao, Rafael"]
[Black "Correa, Aron A"]
[Result "1-0"]
[WhiteElo "2315"]
[BlackElo "2345"]

1.d4 d5 2.c4 e6 3.Nc3 c6 4.Nf3 Nf6 5.e3 Bd6 6.Be2 O-O 7.O-O Nbd7 8.Qc2 dxc4
9.Bxc4 e5 10.a3 Qe7 11.h3 e4 12.Ng5 Nb6 13.Ba2 Bf5 14.f3 Rae8 15.fxe4 Bg6
16.Qf2 Nh5 17.e5 Bxe5 18.dxe5 Qxg5 19.g4 Rxe5 20.e4 Qe7 21.gxh5 Rxh5 22.Qg2 Rd8
23.Bf4 Rd3 24.Rf3 Rxf3 25.Qxf3 h6 26.Rd1 Kh7 27.Kh2 Nd7 28.Qg3 Ne5 29.Rg1 a5
30.Bxf7 Qxf7 31.Bxe5 Rg5 32.Qf4 Qb3 33.Rxg5 hxg5 34.Qd2 b5 35.Ne2 Bxe4 36.Qxg5 Bg6
37.Qh4+ Kg8 38.Qd8+ Kh7 39.Qf8 Qf7 40.Qxf7 Bxf7 41.Nd4 Bd5 42.Nf5 g6 43.Ne7 Be4
44.b4 axb4 45.axb4 Kh6 46.Kg3 Bh1 47.Bf6 Kh5 48.Kf4  1-0

[Event "Aarhus int"]
[Site "Aarhus"]
[Date "1994.??.??"]
[Round "1"]
[White "Stanke, Juergen"]
[Black "Summerscale, Aaron"]
[Result "0-1"]
[WhiteElo "2300"]
[BlackElo "2410"]

1.c4 c6 2.Nf3 d5 3.e3 Nf6 4.Nc3 e6 5.d4 Nbd7 6.Qc2 Bd6 7.e4 dxe4 8.Nxe4 Nxe4
9.Qxe4 Bb4+ 10.Bd2 Bxd2+ 11.Nxd2 O-O 12.Bd3 Nf6 13.Qh4 e5 14.O-O-O Qxd4 15.Qxd4 exd4
16.Nb3 Ng4 17.Rd2 Rd8 18.Re1 f6 19.h3 Ne5 20.f4 Nxd3+ 21.Rxd3 c5 22.Nxc5 Bf5
23.Rd2 Rac8 24.Nxb7 Rxc4+ 25.Kd1 Rd5 26.Re8+ Kf7 27.Rd8 Rxd8 28.Nxd8+ Ke7
29.b3 Rc7 30.Rxd4 Bd7  0-1

[Event "Aegina op"]
[Site "Aegina"]
[Date "1994.??.??"]
[Round "3"]
[White "Moutousis, Konstantinos"]
[Black "Chilingirova, Pavlina"]
[Result "1-0"]
[WhiteElo "2425"]
[BlackElo "2270"]

1.d4 Nf6 2.Nf3 d5 3.c4 e6 4.Nc3 c6 5.e3 Be7 6.Bd3 Nbd7 7.e4 dxe4 8.Nxe4 Nxe4
9.Bxe4 c5 10.O-O O-O 11.Bc2 cxd4 12.Qxd4 Qa5 13.Bd2 Qh5 14.Bc3 Bf6 15.Qe3 Bxc3
16.Qxc3 b6 17.Rad1 Nf6 18.Rd4 Bb7 19.Rh4 Qc5 20.Ne5 Rfd8 21.Re1 Rac8 22.a3 Qe7
23.Qe3 Qc5 24.Qg5 Qa5 25.b4 Qxa3 26.Bxh7+ Kf8 27.Bg6 Qxb4 28.Rf1 Qd2 29.Qg3 Rc5
30.Nxf7 Rdc8 31.Ne5 Qd6 32.Rh8+ Ke7 33.Be4 Qxe5 34.Qxg7+ Kd6 35.Bxb7 R5c7
36.Rd1+ Kc5 37.Rxc8 Rxc8 38.Bxc8 Qe2 39.Qe7+ Kxc4 40.Bxe6+  1-0